| 000 | 00365nam a2200145 a 4500 | ||
|---|---|---|---|
| 001 | 3716 | ||
| 003 | CDMR | ||
| 005 | 20130116135248.0 | ||
| 008 | 130130s2005||||||||||||||||||||||||||||d | ||
| 040 |
_aCDMR _bcat _cCPC LLEIDA |
||
| 100 | 1 |
_aBellmunt Figueras, Joan _9671 |
|
| 245 | 1 | 0 |
_aVal d'Aran _cBELLMUNT FIGUERAS, Joan |
| 260 |
_aLleida _c2005 _bLa MaƱana |
||
| 942 | _cMON | ||
| 999 |
_c3716 _d3716 |
||